| 000 | 00759nam a22001815i 4500 | ||
|---|---|---|---|
| 001 | 153846 | ||
| 003 | ES-MaACL | ||
| 005 | 20230906205415.0 | ||
| 008 | 990224s1881 sp |||| | spa d | ||
| 040 |
_aCCPB | B _bspa _cCCPB | B |
||
| 080 | _a354.83(460).071.3 | ||
| 110 | 0 |
_aEspaƱa. _bMinisterio de Fomento. _93868 |
|
| 245 | 1 | 0 | _aInstrucciones de servicio para el Cuerpo de Ingenieros de Montes y sus dependencias. |
| 260 |
_aMadrid : _b[s.n.], _c1881 ( _fImprenta del Colegio Nacional de Sordo-Mudos y de Ciegos) |
||
| 300 |
_a24 p., [1] h. de tabla pleg. ; _c23 cm. |
||
| 610 | 2 | 4 |
_aCuerpo Nacional de Ingenieros de Montes- _vReglamentos. _9143797 |
| 852 |
_aES-MaACL _jT-429-F-14 _z-- Enc. hol., falto de la enc. original _q-- Enc. en un vol. facticio |
||
| 999 |
_c153846 _d153846 |
||